Avances de Investigación 1976 3 (14). Datos básicos de Costa Rica/
Guardado en:
| Hovedforfatter: | |
|---|---|
| Format: | Documento de Gobierno Bog |
| Sprog: | Spanish |
| Fag: | |
| Tags: |
Tilføj Tag
Ingen Tags, Vær først til at tagge denne postø!
|
MARC
| LEADER | 00000nam a22000007a 4500 | ||
|---|---|---|---|
| 003 | cru IIS | ||
| 005 | 20220704104159.0 | ||
| 007 | ta | ||
| 008 | 220523s1990 cr |||p|r|||| 00| 0 spa d | ||
| 040 | |c cru IIS | ||
| 086 | |a REV0053 3 (14) 1976 | ||
| 100 | 1 | |9 10501 |a Días Santos, Ricardo |e Autor | |
| 245 | 1 | |a Avances de Investigación 1976 3 (14). |b Datos básicos de Costa Rica/ |c Ricardo Días Santos | |
| 300 | |a 62 páginas | ||
| 500 | |a Colección Centroamérica | ||
| 505 | |a I. Datos del territorio, cuadros 1-3 / Ricardo Días Santos (páginas 1-3) II. Datos demográficos, cuadros 4-8 / Ricardo Días Santos (páginas 4-10) III. Datos de agricultura y ganadería, cuadros 9-16 / Ricardo Días Santos (páginas 11-19) IV. Datos de comercio exterior, cuadros 17-19 / Ricardo Días Santos (páginas 20-23) V. Datos de la industria manufacturera, cuadros 21-21 / Ricardo Días Santos (páginas 24-28) VI. Datos de vivienda, cuadros 22-29 / Ricardo Días Santos (páginas 29-39) VII. Datos de seguridad social, cuadros 30-33 / Ricardo Días Santos (páginas 40-44) VIII. Datos de educación, cuadros 34-38 / Ricardo Días Santos (páginas 45-52) IX. Datos de fuerza de trabajo, cuadros 39-48 / Ricardo Días Santos (páginas 53-62) | ||
| 650 | 4 | |9 3428 |a DEMOGRAFIA | |
| 650 | 0 | |9 4674 |a COMERCIO | |
| 650 | 0 | |9 944 |a EDUCACION | |
| 650 | 0 | |9 4888 |a TERRITORIO | |
| 651 | 0 | |9 32 |a COSTA RICA | |
| 942 | |2 ddc |c PP | ||
| 999 | |c 44350 |d 44350 | ||
| 773 | 0 | |0 19073 |9 7501 |a Universidad de Costa Rica. |d San José, Costa Rica UCR. FCS. IIS |o 22660 |t Avances de Investigación/ | |
